Country, Capital, and Flag: Europe - Statistics

General Stats
  • This quiz has been taken 15 times
  • The average score is 31 of 45
Answer Stats
Picture Answer % Correct
Portugal, Lisbon
89%
Austria, Vienna
78%
Belarus, Minsk
78%
Bosnia & Herzegovina, Sarajevo
78%
Bulgaria, Sofia
78%
Czech Republic, Prague
78%
Denmark, Copenhagen
78%
Estonia, Tallinn
78%
Finland, Helsinki
78%
France, Paris
78%
Iceland, Reykjavik
78%
Ireland, Dublin
78%
Italy, Rome
78%
Liechtenstein, Vaduz
78%
Monaco, Monaco
78%
Netherlands, Amstedam
78%
Norway, Oslo
78%
Poland, Warsaw
78%
Romania, Bucharest
78%
Russia, Moscow
78%
San Marino, San Marino
78%
Serbia, Belgrade
78%
Slovakia, Bratislava
78%
Sweden, Stockholm
78%
Belgium, Brussels
67%
Germany, Berlin
67%
Greece, Athens
67%
Hungary, Budapest
67%
Kosovo, Pristina
67%
Latvia, Riga
67%
Luxembourg, Luxembourg
67%
Montenegro, Podgorica
67%
Spain, Madrid
67%
Switzerland, Bern
67%
Ukraine, Kyiv
67%
United Kingdom, London
67%
Vatican City, Vatican City
67%
Albania, Tirana
56%
Croatia, Zagreb
56%
Lithuania, Vilnius
56%
North Macedonia, Skopje
56%
Slovena, Ljubljana
56%
Malta, Valletta
44%
Moldova, Chisinau
44%
Andorra, Andorra la Vella
33%
No matching quizzes found
Score Distribution
Percent of People with Each Score
Percentile by Number Answered
Your Score History
You have not taken this quiz